[Event "1. ODEM U25 2004"]
[Site "Willingen GER"]
[Date "2004.05.30"]
[Round "1"]
[White "Lipok, Christoph"]
[Black "Finkbeiner, Alina"]
[Result "1-0"]
[Termination "normal"]
[Board "23"]
[WhiteElo "1824"]
[BlackElo "904"]
[PlyCount "49"]
[WhiteFideId "24620220"]
[EventCountry "GER"]
[EventRounds "9"]
[EventType "swiss"]
[EventDate "2004.05.29"]

1. f4 d5 2. Nf3 Nc6 3. e3 a6 4. d3 Bf5 5. Be2 e6 6. O-O Bc5 7. d4 Bd6 8. c3 Nf6
9. Nbd2 O-O 10. Ne5 Nxe5 11. fxe5 Ne4 12. Qe1 Qe7 13. Nxe4 Bxe4 14. Qg3 Rae8
15. Bd2 g6 16. Rf6 h5 17. Bxh5 Kg7 18. Raf1 Rh8 19. Bg4 Bd3 20. R1f2 c6 21. h4
c5 22. h5 gxh5 23. Bxh5+ Kf8 24. Rxf7+ Qxf7 25. Rxf7# 1-0

[Event "1. ODEM U25 2004"]
[Site "Willingen GER"]
[Date "2004.05.30"]
[Round "1"]
[White "Strohmann, Marcel"]
[Black "Heigermoser, Robert"]
[Result "0-1"]
[Termination "normal"]
[Board "24"]
[WhiteElo "821"]
[BlackElo "1770"]
[PlyCount "24"]
[BlackFideId "24619132"]
[EventCountry "GER"]
[EventRounds "9"]
[EventType "swiss"]
[EventDate "2004.05.29"]

1. f4 d5 2. Nf3 Nc6 3. e3 Bg4 4. b3 e5 5. fxe5 Nxe5 6. Be2 Bd6 7. Bb2 Nxf3+ 8.
Bxf3 Qh4+ 9. g3 Bxg3+ 10. hxg3 Qxg3+ 11. Kf1 Bxf3 12. Qe1 Qg2# 0-1

[Event "1. ODEM U25 2004"]
[Site "Willingen GER"]
[Date "2004.05.31"]
[Round "3"]
[White "Dahmen, Christoph"]
[Black "Schafranietz, Sebastian"]
[Result "1/2-1/2"]
[Termination "normal"]
[Board "1"]
[WhiteElo "2023"]
[BlackElo "2236"]
[PlyCount "85"]
[WhiteFideId "4692160"]
[BlackFideId "4632516"]
[EventCountry "GER"]
[EventRounds "9"]
[EventType "swiss"]
[EventDate "2004.05.29"]

1. d4 Nf6 2. c4 e6 3. Nf3 b6 4. Bg5 Bb4+ 5. Nbd2 Bb7 6. a3 Bxd2+ 7. Nxd2 h6 8.
Bh4 c5 9. e3 O-O 10. Bd3 cxd4 11. exd4 d5 12. O-O dxc4 13. Nxc4 Nc6 14. Bxf6
Qxf6 15. Nd6 Rab8 16. Nxb7 Rxb7 17. Be4 Rc7 18. Rc1 Rfc8 19. Qa4 Qf4 20. d5 f5
21. Rxc6 Rxc6 22. dxc6 Qxe4 23. Qxe4 fxe4 24. Rc1 Kf7 25. Kf1 Ke7 26. Ke2 Kd6
27. Ke3 Rxc6 28. Rxc6+ Kxc6 29. Kxe4 Kd6 30. f4 Kd7 31. Ke5 Ke7 32. b3 Kd7 33.
h4 Ke7 34. g4 b5 35. g5 h5 36. f5 exf5 37. Kxf5 Kf7 38. Ke5 Ke7 39. Kd5 Kd7 40.
Ke5 Ke7 41. a4 bxa4 42. bxa4 g6 43. Kd5 1/2-1/2

[Event "1. ODEM U25 2004"]
[Site "Willingen GER"]
[Date "2004.05.31"]
[Round "3"]
[White "Kühner, Christian"]
[Black "Kuhn, Ulf"]
[Result "1/2-1/2"]
[Termination "normal"]
[Board "2"]
[WhiteElo "2169"]
[BlackElo "2013"]
[PlyCount "90"]
[WhiteFideId "4679440"]
[BlackFideId "4693604"]
[EventCountry "GER"]
[EventRounds "9"]
[EventType "swiss"]
[EventDate "2004.05.29"]

1. c4 f5 2. Nc3 Nf6 3. g3 d6 4. Bg2 e5 5. d3 Be7 6. e3 O-O 7. Nge2 Nbd7 8. O-O
c6 9. b4 h5 10. h4 Rb8 11. a4 Qe8 12. b5 Nc5 13. d4 Nce4 14. Nxe4 Nxe4 15. Ba3
Be6 16. Qc2 cxb5 17. cxb5 Rc8 18. Qb2 Bc4 19. Rae1 g5 20. dxe5 gxh4 21. Bxe4
fxe4 22. exd6 Bf6 23. Qd2 Qd7 24. Rc1 Kh7 25. Qb4 hxg3 26. fxg3 Bd3 27. Rc7
Rxc7 28. dxc7 Rg8 29. Qc5 Qg4 30. c8=Q Rxc8 31. Qd5 Rg8 32. Qf7+ Bg7 33. Kf2
$11 33... Kh8 34. Qf4 Rc8 35. Qxg4 hxg4 36. Rc1 Rxc1 37. Nxc1 Bc2 38. a5 a6 39.
bxa6 bxa6 40. Ne2 Kg8 41. Nd4 Bd3 42. Bd6 Kf7 43. Ke1 Ke8 44. Kd2 Kd7 45. Bf4
Bf8 1/2-1/2

[Event "1. ODEM U25 2004"]
[Site "Willingen GER"]
[Date "2004.05.31"]
[Round "3"]
[White "Hirneise, Tobias"]
[Black "Nazarenus, Moritz"]
[Result "0-1"]
[Termination "normal"]
[Board "3"]
[WhiteElo "1960"]
[BlackElo "2143"]
[PlyCount "86"]
[WhiteFideId "24600881"]
[BlackFideId "4670540"]
[EventCountry "GER"]
[EventRounds "9"]
[EventType "swiss"]
[EventDate "2004.05.29"]

1. e4 c6 2. d4 d5 3. e5 Bf5 4. g4 Bd7 5. c4 e6 6. Nc3 a6 7. c5 b6 8. b4 f6 9.
Nf3 Bc8 10. Bd3 a5 11. Na4 Nd7 12. b5 Bb7 13. cxb6 fxe5 14. Nxe5 Nxe5 15. dxe5
c5 16. Qf3 Qd7 17. Ba3 Rc8 18. Rb1 Nh6 19. Bc1 Nf7 20. Bf4 c4 21. Bc2 g5 22.
Bg3 Bg7 23. O-O O-O 24. Qe2 Nh8 25. Rfd1 Ng6 26. Bxg6 hxg6 27. Rd4 Rf7 28. Qe3
Qd8 29. Qc3 Bf8 30. a3 Ra8 31. Rbd1 Qe8 32. Rb1 Be7 33. Ra1 Qxb5 34. Qc2 Kg7
35. Rb1 Qe8 36. Nc3 Bc5 37. Rd2 Bxa3 38. Nb5 Bb4 39. Nc7 Qc6 40. Nxa8 d4 41. f3
Qxf3 42. Rg2 d3 43. Qf2 Bc5 0-1

[Event "1. ODEM U25 2004"]
[Site "Willingen GER"]
[Date "2004.05.31"]
[Round "3"]
[White "Lantzsch, Christian"]
[Black "Kiener, Georg"]
[Result "1-0"]
[Termination "normal"]
[Board "4"]
[WhiteElo "2095"]
[BlackElo "2008"]
[PlyCount "81"]
[WhiteFideId "4659821"]
[EventCountry "GER"]
[EventRounds "9"]
[EventType "swiss"]
[EventDate "2004.05.29"]

1. d4 Nf6 2. Nf3 c5 3. d5 e6 4. Nc3 exd5 5. Nxd5 Nxd5 6. Qxd5 Be7 7. e4 O-O 8.
Bc4 d6 9. O-O Nc6 10. Bf4 Be6 11. Qd3 Nb4 12. Qe2 Bxc4 13. Qxc4 d5 14. exd5
Qxd5 15. Qxd5 Nxd5 16. Be5 Bf6 17. Rad1 Rad8 18. Rfe1 Rfe8 19. g3 Kf8 20. c4
Bxe5 21. Rxe5 Nb4 22. Rxd8 Rxd8 23. Rxc5 Nd3 24. Rc7 Nxb2 25. Rxb7 Nxc4 26.
Rxa7 Rd1+ 27. Kg2 h6 28. a4 Ra1 29. Nd4 Ra3 30. Nc6 g5 31. a5 Kg7 32. Ra8 Kf6
33. a6 Nd6 34. Nb4 Ra4 35. Rd8 Nb5 36. Rb8 Nd4 37. Rb7 Kg7 38. a7 Ra3 39. Rd7
Nb5 40. Nc6 Ra6 41. Rb7 1-0

[Event "1. ODEM U25 2004"]
[Site "Willingen GER"]
[Date "2004.05.31"]
[Round "3"]
[White "Swalve, Tilko"]
[Black "Fuhrmann, Marc Andre"]
[Result "1/2-1/2"]
[Termination "normal"]
[Board "5"]
[WhiteElo "1282"]
[BlackElo "2059"]
[PlyCount "63"]
[BlackFideId "4696980"]
[EventCountry "GER"]
[EventRounds "9"]
[EventType "swiss"]
[EventDate "2004.05.29"]

1. d4 Nf6 2. Nf3 d5 3. e3 Bf5 4. c4 c6 5. Qb3 Qb6 6. Nc3 e6 7. Be2 Nbd7 8. O-O
Be7 9. Ne5 Nxe5 10. dxe5 Nd7 11. f4 Qxb3 12. axb3 Bc2 13. Bd1 Bd3 14. Be2 Bxe2
15. Nxe2 Nc5 16. Nd4 Kd7 17. Bd2 f6 18. exf6 Bxf6 19. Ra3 Nd3 20. cxd5 exd5 21.
Bc1 Rhe8 22. b4 Nxb4 23. Rb3 c5 24. Bd2 cxd4 25. Bxb4 dxe3 26. Bc5 d4 27. Rd3
Kc6 28. Bxd4 Rad8 29. Rc1+ Kb5 30. Rb3+ Ka4 31. Ra3+ Kb5 32. Rb3+ 1/2-1/2

[Event "1. ODEM U25 2004"]
[Site "Willingen GER"]
[Date "2004.05.31"]
[Round "3"]
[White "Seifert, Volker"]
[Black "Siebarth, Marco"]
[Result "1/2-1/2"]
[Termination "normal"]
[Board "6"]
[WhiteTitle "FM"]
[WhiteElo "2302"]
[BlackElo "2027"]
[PlyCount "84"]
[WhiteFideId "4658060"]
[BlackFideId "24604330"]
[EventCountry "GER"]
[EventRounds "9"]
[EventType "swiss"]
[EventDate "2004.05.29"]

1. e4 e5 2. Nf3 Nf6 3. Nc3 Bb4 4. Nxe5 Qe7 5. Nd3 Bxc3 6. dxc3 Qxe4+ 7. Be2 d6
8. O-O O-O 9. Nf4 Nc6 10. Bd3 Qe7 11. Nh5 Nxh5 12. Qxh5 f5 13. Bc4+ Kh8 14. f4
d5 15. Bd3 Bd7 16. Bd2 Rae8 17. Rae1 Qf7 18. Qh3 Re7 19. b3 Rfe8 20. Rxe7 Rxe7
21. Kh1 Nd8 22. Qf3 Bc6 23. Qf2 b6 24. Qh4 g6 25. c4 Nb7 26. Bc3+ Kg8 27. Qf2
Kf8 28. Qd4 Ke8 29. cxd5 Qxd5 30. Qf2 Nd6 31. Bb4 Bb7 32. Bc4 Qc6 33. Rg1 Re4
34. Bxd6 Qxd6 35. Rf1 Qd4 36. Qh4 Re7 37. Qg5 Qd2 38. Bb5+ c6 39. Bd3 Re1 40.
Qf6 Rxf1+ 41. Bxf1 Qxf4 42. Qe6+ Kf8 1/2-1/2

[Event "1. ODEM U25 2004"]
[Site "Willingen GER"]
[Date "2004.05.31"]
[Round "3"]
[White "Zayadeh, Raphael"]
[Black "Morgenstern, Petra"]
[Result "1-0"]
[Termination "normal"]
[Board "7"]
[WhiteElo "1906"]
[BlackElo "2062"]
[PlyCount "93"]
[BlackFideId "4690710"]
[EventCountry "GER"]
[EventRounds "9"]
[EventType "swiss"]
[EventDate "2004.05.29"]

1. d4 d5 2. Nf3 Nf6 3. e3 e6 4. Bd3 Nbd7 5. Nbd2 c5 6. c3 Bd6 7. O-O O-O 8. Re1
e5 9. e4 dxe4 10. Nxe4 Nxe4 11. Rxe4 exd4 12. Rh4 g6 13. Qd2 Qf6 14. Qh6 Qg7
15. Qxg7+ Kxg7 16. Bh6+ Kg8 17. Bxf8 Nxf8 18. cxd4 Ne6 19. dxc5 Nxc5 20. Rd4
Be7 21. Bc4 Bf6 22. Rf4 Kg7 23. Re1 Be6 24. Ne5 Rd8 25. Bxe6 Nxe6 26. Rfe4 Nc5
27. Rc4 Rd5 28. Nf3 Bxb2 29. Rc2 Bf6 30. g3 b6 31. Kg2 Kf8 32. Rd2 Rxd2 33.
Nxd2 Nd3 34. Re4 b5 35. Nb3 a6 36. a4 b4 37. Kf1 Bc3 38. Ke2 Ne5 39. f4 Nd7 40.
h3 Nb6 41. a5 Nd5 42. Kd3 h5 43. Kc4 Nc7 44. Kc5 f5 45. Re2 Kf7 46. Kb6 Ne6 47.
Kxa6 1-0

[Event "1. ODEM U25 2004"]
[Site "Willingen GER"]
[Date "2004.05.31"]
[Round "3"]
[White "Falke, Isaak"]
[Black "Alic, Miran"]
[Result "1-0"]
[Termination "normal"]
[Board "9"]
[WhiteElo "1721"]
[BlackElo "2052"]
[PlyCount "67"]
[WhiteFideId "24614483"]
[BlackFideId "24605425"]
[EventCountry "GER"]
[EventRounds "9"]
[EventType "swiss"]
[EventDate "2004.05.29"]

1. d4 c5 2. e3 e6 3. Nf3 f5 4. c3 Nf6 5. Nbd2 Nc6 6. b3 d5 7. Bb2 Bd6 8. Be2
O-O 9. O-O Qe8 10. c4 cxd4 11. exd4 Bd7 12. Re1 Ne4 13. cxd5 exd5 14. a3 Rf6
15. b4 Rh6 16. g3 f4 17. Bd3 Bf5 18. Ng5 fxg3 19. fxg3 Qg6 20. Bxe4 Qxg5 21.
Nf3 Qh5 22. Bxd5+ Kh8 23. Nh4 Bg4 24. Qb3 Ne7 25. Bf7 Qb5 26. d5 Rf8 27. Rf1
Bc5+ 28. Kh1 Nf5 29. Nxf5 Rxf7 30. Bxg7+ Rxg7 31. Nxh6 Be2 32. Rf6 Bc4 33. bxc5
Qxc5 34. Qxc4 1-0

[Event "1. ODEM U25 2004"]
[Site "Willingen GER"]
[Date "2004.05.31"]
[Round "3"]
[White "Billing, Christian"]
[Black "Rashidian, Sagross"]
[Result "1-0"]
[Termination "normal"]
[Board "10"]
[WhiteElo "1915"]
[BlackElo "1626"]
[PlyCount "45"]
[WhiteFideId "4697294"]
[EventCountry "GER"]
[EventRounds "9"]
[EventType "swiss"]
[EventDate "2004.05.29"]

1. e4 c5 2. Nc3 d6 3. g3 g6 4. Bg2 Bg7 5. d3 Nc6 6. f4 f5 7. Nf3 Nf6 8. O-O O-O
9. h3 e5 10. exf5 gxf5 11. Nh4 Nd4 12. Nd5 Rb8 13. c3 Nxd5 14. Bxd5+ Be6 15.
Bxe6+ Nxe6 16. fxe5 f4 17. Qg4 Qe7 18. Nf5 Rxf5 19. Qxf5 dxe5 20. gxf4 Kh8 21.
fxe5 Rg8 22. Rf2 b6 23. Rg2 1-0

[Event "1. ODEM U25 2004"]
[Site "Willingen GER"]
[Date "2004.05.31"]
[Round "3"]
[White "Jehle, Daniel"]
[Black "Rackisch, Daniel"]
[Result "1/2-1/2"]
[Termination "normal"]
[Board "13"]
[WhiteElo "1526"]
[BlackElo "1859"]
[PlyCount "34"]
[BlackFideId "24609323"]
[EventCountry "GER"]
[EventRounds "9"]
[EventType "swiss"]
[EventDate "2004.05.29"]

1. d4 Nf6 2. c4 g6 3. Nc3 d6 4. e4 Bg7 5. Nf3 c6 6. Be2 Nbd7 7. O-O a6 8. Be3
O-O 9. Qd2 Qc7 10. Bh6 b5 11. a3 Re8 12. Qg5 e5 13. d5 cxd5 14. cxd5 Nc5 15.
Nd2 Qe7 16. Bxg7 Kxg7 17. b4 Ncd7 1/2-1/2

[Event "1. ODEM U25 2004"]
[Site "Willingen GER"]
[Date "2004.05.31"]
[Round "3"]
[White "Reinke, Martin"]
[Black "Poysti, Nathanael"]
[Result "0-1"]
[Termination "normal"]
[Board "14"]
[WhiteElo "1498"]
[BlackElo "1910"]
[PlyCount "44"]
[WhiteFideId "4620518"]
[EventCountry "GER"]
[EventRounds "9"]
[EventType "swiss"]
[EventDate "2004.05.29"]

1. d4 d5 2. c4 Nc6 3. e3 e5 4. dxe5 d4 5. Nf3 Bb4+ 6. Bd2 dxe3 7. fxe3 Bg4 8.
Be2 Bxf3 9. Bxf3 Qh4+ 10. g3 Qxc4 11. Bxc6+ Qxc6 12. O-O Bc5 13. Qb3 Nh6 14.
Nc3 O-O-O 15. Bc1 Ng4 16. Na4 Nxe5 17. Nxc5 Qxc5 18. Rf5 g6 19. Rf4 Rd3 20. Qa4
Qc2 21. Rf2 Rd1+ 22. Kg2 Qc6+ 0-1

[Event "1. ODEM U25 2004"]
[Site "Willingen GER"]
[Date "2004.05.31"]
[Round "3"]
[White "Müer, Sebastian"]
[Black "Beckmann, Emanuel"]
[Result "0-1"]
[Termination "normal"]
[Board "15"]
[WhiteElo "1465"]
[BlackElo "1868"]
[PlyCount "75"]
[BlackFideId "24608025"]
[EventCountry "GER"]
[EventRounds "9"]
[EventType "swiss"]
[EventDate "2004.05.29"]

1. f4 Nf6 2. Nf3 g6 3. d3 Bg7 4. e4 O-O 5. Be2 a5 6. O-O d6 7. Qe1 Nfd7 8. Nbd2
a4 9. g4 a3 10. Rb1 axb2 11. Bxb2 Rxa2 12. Bxg7 Kxg7 13. Bd1 e5 14. f5 g5 15.
h4 h6 16. Kg2 f6 17. Rh1 Nc5 18. hxg5 hxg5 19. Rh5 Rh8 20. Rxh8 Qxh8 21. Be2
Qe8 22. Qg3 Nbd7 23. Rh1 Qg8 24. Qh2 Rxc2 25. Qh5 Kf8 26. Kf2 Ke7 27. Ke3 d5
28. exd5 Nb6 29. Qh7+ Qxh7 30. Rxh7+ Kf8 31. Kf2 Kg8 32. Re7 Bd7 33. Ne4 Nxd5
34. Nxc5 Nxe7 35. Nxd7 Nd5 36. Ng1 Kf7 37. Kf3 Ke7 38. Nb8 0-1

[Event "1. ODEM U25 2004"]
[Site "Willingen GER"]
[Date "2004.05.31"]
[Round "3"]
[White "Lipok, Christoph"]
[Black "Demmler, Julia"]
[Result "1-0"]
[Termination "normal"]
[Board "16"]
[WhiteElo "1824"]
[BlackElo "1296"]
[PlyCount "97"]
[WhiteFideId "24620220"]
[EventCountry "GER"]
[EventRounds "9"]
[EventType "swiss"]
[EventDate "2004.05.29"]

1. c4 e5 2. Nc3 Nf6 3. g3 c6 4. Nf3 d6 5. Bg2 Be7 6. O-O Be6 7. d3 O-O 8. Rb1
Nbd7 9. e4 Ne8 10. Qe2 Nc7 11. b4 Bg4 12. h3 Bh5 13. a4 Ne6 14. Be3 a6 15. Qd2
Bf6 16. b5 axb5 17. axb5 Qc7 18. Rb2 c5 19. Nh2 Nb6 20. Ng4 Bxg4 21. hxg4 h6
22. Nd5 Nxd5 23. exd5 Ng5 24. Be4 Qd7 25. Bf5 Nf3+ 26. Kg2 Nxd2 27. Bxd7 Nxf1
28. Kxf1 Ra1+ 29. Ke2 Rfa8 30. Rc2 R8a2 31. Rxa2 Rxa2+ 32. Kf3 Ra3 33. Ke4 Bd8
34. Bc8 b6 35. f4 exf4 36. gxf4 Kf8 37. Bf5 Ra2 38. Kf3 Bh4 39. d4 Ra3 40. dxc5
dxc5 41. Ke4 Rc3 42. d6 Rxc4+ 43. Kd5 Rb4 44. g5 hxg5 45. fxg5 Bg3 46. Kc6 Ke8
47. d7+ Kd8 48. g6 fxg6 49. Bg5# 1-0

[Event "1. ODEM U25 2004"]
[Site "Willingen GER"]
[Date "2004.05.31"]
[Round "3"]
[White "Katte, Nicolas"]
[Black "Dietzen, Thomas"]
[Result "1-0"]
[Termination "normal"]
[Board "18"]
[WhiteElo "1729"]
[BlackElo "1187"]
[PlyCount "101"]
[WhiteFideId "24614149"]
[EventCountry "GER"]
[EventRounds "9"]
[EventType "swiss"]
[EventDate "2004.05.29"]

1. e4 e6 2. d4 d5 3. exd5 exd5 4. Bf4 Bd6 5. Qd2 Bf5 6. Nc3 c6 7. O-O-O Qc7 8.
Re1+ Ne7 9. Bxd6 Qxd6 10. Qg5 Qf6 11. Qxf6 gxf6 12. Nge2 Nd7 13. Ng3 Bg6 14. f4
h5 15. f5 h4 16. fxg6 hxg3 17. g7 Rg8 18. h4 Rxg7 19. h5 Kd8 20. h6 Rh7 21. Bd3
Rh8 22. Re3 Ng6 23. Rxg3 Kc7 24. Bxg6 Rag8 25. Ne2 fxg6 26. Nf4 26... Nf8 $11
27. Re3 Kd7 28. Ra3 a6 29. Rb3 Kc7 30. Re3 Kd7 31. Rf3 Ne6 32. Nxe6 Kxe6 33.
Re1+ Kf7 34. Ref1 Rf8 35. Rxf6+ Ke7 36. Rxf8 Rxf8 37. Rxf8 Kxf8 38. g4 g5 39.
Kd2 Kg8 40. c4 40... b6 $11 41. cxd5 cxd5 42. Kc3 a5 43. b4 a4 44. b5 Kh7 45.
Kb4 Kxh6 46. Kxa4 Kg6 47. Kb4 Kf6 48. a4 Ke6 49. a5 Kd7 50. axb6 Kc8 51. Kc5
1-0

[Event "1. ODEM U25 2004"]
[Site "Willingen GER"]
[Date "2004.05.31"]
[Round "3"]
[White "Rafiee, Makan"]
[Black "Gahn, Juliane"]
[Result "1-0"]
[Termination "normal"]
[Board "19"]
[WhiteElo "2028"]
[BlackElo "1433"]
[PlyCount "69"]
[WhiteFideId "24609340"]
[EventCountry "GER"]
[EventRounds "9"]
[EventType "swiss"]
[EventDate "2004.05.29"]

1. e4 c5 2. Nf3 e6 3. d4 cxd4 4. Nxd4 a6 5. c4 Nf6 6. Nc3 Qc7 7. a3 b6 8. Be3
Bb7 9. f3 Nc6 10. Be2 Bc5 11. O-O O-O 12. Rc1 d6 13. b4 Bxd4 14. Bxd4 Nxd4 15.
Qxd4 Bc6 16. Nd5 Bxd5 17. cxd5 Qd7 18. dxe6 fxe6 19. Qxb6 Rfb8 20. Qc7 Qxc7 21.
Rxc7 Rb6 22. Rfc1 Ne8 23. R7c6 Rxc6 24. Rxc6 Ra7 25. Bxa6 Nc7 26. b5 d5 27. Kf2
d4 28. e5 Kf7 29. Rd6 Nd5 30. b6 Ra8 31. b7 Rb8 32. Rc6 Ne7 33. Rc8 Rxb7 34.
Bxb7 Nxc8 35. Bxc8 1-0

[Event "1. ODEM U25 2004"]
[Site "Willingen GER"]
[Date "2004.05.31"]
[Round "3"]
[White "Strohmann, Marcel"]
[Black "Dorn, Matthias"]
[Result "0-1"]
[Termination "normal"]
[Board "20"]
[WhiteElo "821"]
[BlackElo "1762"]
[PlyCount "92"]
[BlackFideId "24600695"]
[EventCountry "GER"]
[EventRounds "9"]
[EventType "swiss"]
[EventDate "2004.05.29"]

1. f4 Nf6 2. Nf3 g6 3. e3 Bg7 4. Bc4 O-O 5. b3 d6 6. Bb2 Nc6 7. O-O e5 8. fxe5
Ng4 9. h3 Ngxe5 10. Nxe5 Nxe5 11. Bxe5 Bxe5 12. d4 Bg7 13. Nc3 c5 14. Qd2 Qa5
15. Rfd1 Bf5 16. Nd5 Qxd2 17. Rxd2 Be4 18. Rad1 cxd4 19. exd4 Rae8 20. Rf1 Bxd5
21. Bxd5 Bh6 22. Rd3 Re7 23. c4 Kg7 24. b4 b6 25. b5 f5 26. g4 Be3+ 27. Kg2 f4
28. Kf3 g5 29. a4 Rh8 30. Re1 Kf6 31. Be4 h5 32. gxh5 Rxh5 33. Rh1 Rh4 34. Rdd1
Re8 35. d5 Ke5 36. Bd3 Reh8 37. Kg2 g4 38. hxg4 Rxg4+ 39. Kf3 Rg3+ 40. Ke2 Rg2+
41. Kf3 Rf2+ 42. Kg4 Rg8+ 43. Kh3 Rf3+ 44. Kh2 Rfg3 45. Bf1 Rh8+ 46. Bh3 Rhxh3#
0-1

[Event "1. ODEM U25 2004"]
[Site "Willingen GER"]
[Date "2004.05.31"]
[Round "3"]
[White "Trippe, Fabian"]
[Black "Häcker, Katrin"]
[Result "1-0"]
[Termination "normal"]
[Board "21"]
[WhiteElo "1637"]
[BlackElo "1140"]
[PlyCount "71"]
[BlackFideId "24667986"]
[EventCountry "GER"]
[EventRounds "9"]
[EventType "swiss"]
[EventDate "2004.05.29"]

1. d4 d5 2. e3 Nf6 3. Bd3 c6 4. f4 Bg4 5. Nf3 Nbd7 6. Nbd2 c5 7. c3 e6 8. O-O
Be7 9. Qe1 O-O 10. Ne5 Nxe5 11. fxe5 Nd7 12. Qg3 Bh5 13. e4 f6 14. exf6 Bxf6
15. e5 Be7 16. Qh3 Rxf1+ 17. Nxf1 Qe8 18. Qxe6+ Bf7 19. Qh3 Bg6 20. Bxg6 hxg6
21. Qe6+ Kh8 22. Qxd5 cxd4 23. cxd4 Nb6 24. Qxb7 Qf7 25. Bg5 Re8 26. Qxa7 Kg8
27. Bxe7 Nc8 28. Qc5 Nxe7 29. Ne3 Rf8 30. Rf1 Nf5 31. Nxf5 gxf5 32. d5 Rd8 33.
e6 Qf6 34. e7 Re8 35. d6 Qe6 36. Qxf5 1-0

[Event "1. ODEM U25 2004"]
[Site "Willingen GER"]
[Date "2004.05.31"]
[Round "3"]
[White "Wild, Markus"]
[Black "Lebeda, Lukas"]
[Result "1/2-1/2"]
[Termination "normal"]
[Board "22"]
[WhiteElo "1559"]
[BlackElo "1135"]
[PlyCount "60"]
[EventCountry "GER"]
[EventRounds "9"]
[EventType "swiss"]
[EventDate "2004.05.29"]

1. c4 c5 2. Nf3 d6 3. d4 cxd4 4. Nxd4 g6 5. Nc3 Bg7 6. e4 Nc6 7. Be3 Nxd4 8.
Bxd4 Nf6 9. Be2 b6 10. f3 e5 11. Be3 O-O 12. O-O Bb7 13. Qd2 Qd7 14. Rad1 Rfd8
15. Bg5 Rac8 16. Nb5 Ba6 17. a4 Bxb5 18. axb5 Rc7 19. b3 Qc8 20. Ra1 Rdd7 21.
Rfd1 Rb7 22. Ra2 Qc5+ 23. Kf1 Qc8 24. Qc3 Ne8 25. Qc1 Bf6 26. h4 Bxg5 27. hxg5
Qd8 28. Kf2 Nc7 29. g3 f6 30. gxf6 Qxf6 1/2-1/2

[Event "1. ODEM U25 2004"]
[Site "Willingen GER"]
[Date "2004.05.31"]
[Round "3"]
[White "Frey, Steffen"]
[Black "Völz, Michael"]
[Result "0-1"]
[Termination "time forfeit"]
[Board "23"]
[WhiteElo "971"]
[BlackElo "1387"]
[PlyCount "43"]
[BlackFideId "24640107"]
[EventCountry "GER"]
[EventRounds "9"]
[EventType "swiss"]
[EventDate "2004.05.29"]

1. e4 e5 2. Nf3 Nc6 3. Nc3 Nf6 4. d4 exd4 5. Nxd4 Bb4 6. Nxc6 Bxc3+ 7. bxc3
dxc6 8. Bd3 h6 9. O-O O-O 10. Bf4 Be6 11. Re1 Qe7 12. Qd2 Ne8 13. Rab1 b6 14.
c4 c5 15. a4 Rd8 16. a5 Bxc4 17. Re3 Bxd3 18. cxd3 Qe6 19. Rg3 Kh7 20. Bxh6
gxh6 21. Rh3 Qg6 22. Qe3 0-1

[Event "1. ODEM U25 2004"]
[Site "Willingen GER"]
[Date "2004.05.31"]
[Round "3"]
[White "Jorczik, Andreas"]
[Black "Finkbeiner, Alina"]
[Result "1-0"]
[Termination "normal"]
[Board "24"]
[WhiteElo "1357"]
[BlackElo "904"]
[PlyCount "113"]
[WhiteFideId "24634921"]
[EventCountry "GER"]
[EventRounds "9"]
[EventType "swiss"]
[EventDate "2004.05.29"]

1. d4 d5 2. c4 Nf6 3. Nc3 Bf5 4. Bg5 e6 5. e3 Nc6 6. Nf3 Bb4 7. Bd3 a6 8. O-O
Rb8 9. a3 h6 10. Bxf6 Qxf6 11. axb4 Nxb4 12. Bxf5 Qxf5 13. Qa4+ Nc6 14. Ne5 O-O
15. Nd7 g6 16. Nxf8 Kxf8 17. Rfe1 Ra8 18. cxd5 exd5 19. e4 dxe4 20. Rxe4 b5 21.
Nxb5 Qxe4 22. Nxc7 Ra7 23. Nxa6 Re7 24. Qc4 Nxd4 25. Kf1 Nc2 26. Qxe4 Rxe4 27.
Rc1 Rc4 28. Ke2 Nd4+ 29. Kd1 Ra4 30. Nc5 Rb4 31. Nd3 Rb3 32. Rc3 Rb8 33. b4 Rd8
34. Kd2 Ne6 35. Ke3 f5 36. f4 g5 37. h3 Re8 38. Kf3 Nd4+ 39. Kf2 Rb8 40. Rc4
Rd8 41. Ke3 Nb5 42. Rc5 Nd6 43. Kd4 Nb7+ 44. Rd5 Rxd5+ 45. Kxd5 Ke7 46. Ke5 Nd6
47. b5 Nxb5 48. Kxf5 Nd4+ 49. Kg6 Ke6 50. fxg5 Nf5 51. gxh6 Nxh6 52. Kxh6 Kf5
53. g4+ Kf6 54. h4 Kf7 55. Kh7 Kf8 56. g5 Kf7 57. g6+ 1-0

[Event "1. ODEM U25 2004"]
[Site "Willingen GER"]
[Date "2004.06.01"]
[Round "4"]
[White "Nazarenus, Moritz"]
[Black "Lantzsch, Christian"]
[Result "1/2-1/2"]
[Termination "normal"]
[Board "1"]
[WhiteElo "2143"]
[BlackElo "2095"]
[PlyCount "107"]
[WhiteFideId "4670540"]
[BlackFideId "4659821"]
[EventCountry "GER"]
[EventRounds "9"]
[EventType "swiss"]
[EventDate "2004.05.29"]

1. d4 f5 2. Nc3 Nf6 3. Bg5 g6 4. Bxf6 exf6 5. d5 c5 6. g3 d6 7. e3 Nd7 8. Bg2
a6 9. a4 b6 10. Nge2 Bh6 11. f4 O-O 12. Qd2 Qe7 13. Kf2 Re8 14. Rhe1 Nf8 15.
Ng1 Qd8 16. Nf3 Ra7 17. Qd3 Rae7 18. Nd2 Bg7 19. Rab1 Nd7 20. Nc4 Qc7 21. Qd2
Qb8 22. b4 cxb4 23. Rxb4 Qc7 24. Qd4 a5 25. Nb5 Qc5 26. Rbb1 Ba6 27. Qxc5 Nxc5
28. Nbxd6 Rd8 29. Rxb6 Bxc4 30. Nxc4 Ne4+ 31. Kg1 Rc7 32. Bxe4 Rxc4 33. Bd3
Rxa4 34. Rb5 Bf8 35. Reb1 Rb4 36. R1xb4 axb4 37. Bc4 Bd6 38. Kf2 Rb8 39. Rxb8+
Bxb8 40. d6+ Kf8 41. d7 Bc7 42. Ke2 h6 43. Kd3 Ke7 44. Bb5 Bb6 45. e4 fxe4+ 46.
Kxe4 Bc7 47. Kd5 g5 48. Kc6 Kd8 49. f5 h5 50. Kc5 h4 51. gxh4 gxh4 52. h3 Bd6+
53. Kxd6 b3 54. cxb3 1/2-1/2

[Event "1. ODEM U25 2004"]
[Site "Willingen GER"]
[Date "2004.06.01"]
[Round "4"]
[White "Schafranietz, Sebastian"]
[Black "Zayadeh, Raphael"]
[Result "1/2-1/2"]
[Termination "normal"]
[Board "2"]
[WhiteElo "2236"]
[BlackElo "1906"]
[PlyCount "78"]
[WhiteFideId "4632516"]
[EventCountry "GER"]
[EventRounds "9"]
[EventType "swiss"]
[EventDate "2004.05.29"]

1. d4 Nf6 2. c4 e6 3. Nf3 Bb4+ 4. Nbd2 Qe7 5. g3 O-O 6. Bg2 d6 7. O-O e5 8. Nb3
e4 9. Ng5 h6 10. a3 Bxa3 11. Rxa3 hxg5 12. Bxg5 Bf5 13. Qd2 b6 14. Qf4 Bg6 15.
Nd2 Nc6 16. Nxe4 Nxd4 17. Nxf6+ Qxf6 18. Bxf6 Nxe2+ 19. Kh1 Nxf4 20. Bxg7 Kxg7
21. Bxa8 Rxa8 22. gxf4 d5 23. cxd5 Be4+ 24. f3 Bxd5 25. Rg1+ Kf6 26. Rg5 c6 27.
h4 a5 28. h5 b5 29. Kg2 a4 30. Ra1 Rh8 31. Rh1 Rh6 32. Re1 Rh8 33. Kg3 Be6 34.
Ree5 b4 35. Ra5 a3 36. bxa3 b3 37. Ra6 Rb8 38. Kf2 b2 39. Rg1 b1=Q 1/2-1/2

[Event "1. ODEM U25 2004"]
[Site "Willingen GER"]
[Date "2004.06.01"]
[Round "4"]
[White "Swalve, Tilko"]
[Black "Kühner, Christian"]
[Result "1-0"]
[Termination "normal"]
[Board "3"]
[WhiteElo "1282"]
[BlackElo "2169"]
[PlyCount "31"]
[BlackFideId "4679440"]
[EventCountry "GER"]
[EventRounds "9"]
[EventType "swiss"]
[EventDate "2004.05.29"]

1. d4 Nf6 2. Nf3 e6 3. e3 b6 4. Bd3 Bb7 5. Nbd2 c5 6. O-O d5 7. c3 Nbd7 8. Ne5
Bd6 9. f4 O-O 10. Qf3 Rc8 11. g4 g6 12. g5 Nh5 13. Rf2 Bxe5 14. fxe5 Qxg5+ 15.
Rg2 Qe7 16. Qxh5 1-0